Geoinformatics : (Record no. 44267)

MARC details
001 - CONTROL NUMBER
control field 23880179
003 - CONTROL NUMBER IDENTIFIER
control field 0000
005 - DATE AND TIME OF LATEST TRANSACTION
control field 20260407120611.0
008 - FIXED-LENGTH DATA ELEMENTS--GENERAL INFORMATION
fixed length control field 240923s2025 flu b 001 0 eng
010 ## - LIBRARY OF CONGRESS CONTROL NUMBER
LC control number 2024043415
020 ## - INTERNATIONAL STANDARD BOOK NUMBER
International Standard Book Number 9781774916285
020 ## - INTERNATIONAL STANDARD BOOK NUMBER
International Standard Book Number 9781774916292
020 ## - INTERNATIONAL STANDARD BOOK NUMBER
Cancelled/invalid ISBN 9781003498452
035 ## - SYSTEM CONTROL NUMBER
System control number 23880179
040 ## - CATALOGING SOURCE
Original cataloging agency DNAL/DLC
Language of cataloging eng
Description conventions rda
Transcribing agency DLC
042 ## - AUTHENTICATION CODE
Authentication code pcc
050 00 - LIBRARY OF CONGRESS CALL NUMBER
Classification number G70.212
Item number .G47346 2025
070 0# - NATIONAL AGRICULTURAL LIBRARY CALL NUMBER
Classification number G70.212
Item number .G45 2025
082 00 - DEWEY DECIMAL CLASSIFICATION NUMBER
Classification number 338.10285
Edition number 23/eng/20241014
245 00 - TITLE STATEMENT
Title Geoinformatics :
Remainder of title an emerging approach for sustainable crop production and food security /
Statement of responsibility, etc edited by Vishnu D. Rajput, Abhishek Singh, Tatiana Minkina, Anil Kumar Singh, Narendra Pratap Singh.
250 ## - EDITION STATEMENT
Edition statement First edition.
263 ## - PROJECTED PUBLICATION DATE
Projected publication date 2412
264 #1 - PUBLICATION, DISTRIBUTION, ETC. (IMPRINT)
Place of publication, distribution, etc Palm Bay, FL :
Name of publisher, distributor, etc Apple Academic Press,
Date of publication, distribution, etc 2025.
300 ## - PHYSICAL DESCRIPTION
Extent xvi,367p.
Other physical details ill.:
336 ## - CONTENT TYPE
Content type term text
Content type code txt
Source rdacontent
337 ## - MEDIA TYPE
Media type term unmediated
Media type code n
Source rdamedia
338 ## - CARRIER TYPE
Carrier type term volume
Carrier type code nc
Source rdacarrier
504 ## - BIBLIOGRAPHY, ETC. NOTE
Bibliography, etc Includes bibliographical references and index.
520 ## - SUMMARY, ETC.
Summary, etc "Geoinformatics is a cutting-edge tool that develops and uses information science technology that can have far-reaching implications that include boosting agricultural output, increasing food supply, and reducing hunger-related problems in poor and developing countries. This new book, Geoinformatics: An Emerging Approach for Sustainable Crop Production and Food Security, highlights the many applications of geoinformatics in agriculture, mainly its potential to improve agricultural systems and environmental issues through innovative, eco-friendly approaches. The book is divided into seven sections. Part I contains foundational material on the field of geoinformatics. Part II discusses the role of geoinformatics in agriculture and food security. Part III serves broad knowledge about geoinformatics-based crop screening and protection. Part IV explains how geoinformatics integrates big data and AI for sustainable agriculture and horticulture. Part V deals with geoinformatics and fertilizers and base management of soil fertility. In Part VI, cutting-edge GIS methods are discussed for abiotic stresses management and climate change. The final section discusses the application of geoinformatics for policymaking and the impact of geoinformatics and climate change on agriculture systems. Providing state-of-the-art knowledge on both theoretical and applied aspects of nanotechnology in soil science, plant breeding, biotechnology, tools design, formulation, application, and management, as well as the effects of these tools on soil properties and plant characteristics, and some abiotic interactions, this new volume will prove invaluable for graduate students, researchers, and professionals in agricultural and related disciplines as well as policymakers"--
Assigning source Provided by publisher.
530 ## - ADDITIONAL PHYSICAL FORM AVAILABLE NOTE
Additional physical form available note Also available online.
650 #0 - SUBJECT ADDED ENTRY--TOPICAL TERM
Topical term or geographic name as entry element Geoinformatics.
650 #0 - SUBJECT ADDED ENTRY--TOPICAL TERM
Topical term or geographic name as entry element Sustainable agriculture
General subdivision Geographic information systems.
650 #0 - SUBJECT ADDED ENTRY--TOPICAL TERM
Topical term or geographic name as entry element Agricultural mathematics.
700 1# - ADDED ENTRY--PERSONAL NAME
Personal name Rajput, Vishnu D.,
Relator term editor.
700 1# - ADDED ENTRY--PERSONAL NAME
Personal name Singh, Abhishek,
Dates associated with a name 1994-
Relator term editor.
700 1# - ADDED ENTRY--PERSONAL NAME
Personal name Minkina, Tatiana M.,
Relator term editor.
700 1# - ADDED ENTRY--PERSONAL NAME
Personal name Singh, Anil Kumar
Titles and other words associated with a name (Remote sensing GIS researcher)
Relator term editor.
700 1# - ADDED ENTRY--PERSONAL NAME
Personal name Singh, N. P.
Fuller form of name (Narendra Pratap),
Dates associated with a name 1960-
Relator term editor.
776 08 - ADDITIONAL PHYSICAL FORM ENTRY
Relationship information Online version:
Title Geoinformatics
Edition First edition.
Place, publisher, and date of publication Palm Bay, FL : Apple Academic Press, 2024
International Standard Book Number 9781003498452
Record control number (DLC) 2024043416
906 ## - LOCAL DATA ELEMENT F, LDF (RLIN)
a 7
b cbc
c orignew
d 1
e ecip
f 20
g y-gencatlg
942 ## - ADDED ENTRY ELEMENTS (KOHA)
Source of classification or shelving scheme Library of Congress Classification
Koha item type Books
Holdings
Withdrawn status Lost status Source of classification or shelving scheme Damaged status Not for loan Permanent Location Current Location Date acquired Total Checkouts Full call number Barcode Date last seen Price effective from Koha item type
    Library of Congress Classification     NILE UNIVERSITY OF NIGERIA - MAIN LIBRARY NILE UNIVERSITY OF NIGERIA - MAIN LIBRARY 04/07/2026   G 70.212 .G47 2025 0199621 04/07/2026 04/07/2026 Books